[Event "Ptolemaida Atomiko op 11th"]
[Site "Ptolemaida"]
[Date "2010.03.27"]
[Round "5"]
[White "Theodoulidis, Theodoros"]
[Black "Koutroupas, Konstantinos"]
[Result "1-0"]
[WhiteElo "2196"]
[BlackElo "1996"]
[PlyCount "63"]
[EventDate "2010.03.25"]
[EventType "swiss"]
[EventRounds "7"]
[EventCountry "GRE"]
[SourceTitle "CBM 135 Extra"]
[Source "ChessBase"]
[SourceDate "2010.05.04"]
[SourceVersion "1"]
[SourceVersionDate "2010.05.04"]
[SourceQuality "1"]

1. e4 c5 2. Nf3 g6 3. Nc3 Bg7 4. Bc4 d6 5. 0-0 Nf6 6. Re1 0-0 7. h3 Nc6 8. a3 a6 9. d3 b5 10. Ba2 b4 11. axb4 cxb4 12. Nd5 Be6 13. Bg5 Re8 14. Qd2 a5 15. d4 Bxd5 16. exd5 Nb8 17. c4 Na6 18. Bb3 e6 19. Ba4 Re7 20. Ne5 exd5 21. Nc6 Rxe1+ 22. Rxe1 Qb6 23. Ne7+ Kh8 24. cxd5 Ng8 25. Nxg8 Kxg8 26. Bc6 Rb8 27. Qe2 h5 28. Be7 Bxd4 29. Bxd6 Rd8 30. Be5 Bc5 31. Qf3 Nb8 32. Qf6 1-0

[Event "Ptolemaida Atomiko op 11th"]
[Site "Ptolemaida"]
[Date "2010.03.26"]
[Round "3"]
[White "Koutroupas, Konstantinos"]
[Black "Mihtis, Theodoros"]
[Result "1-0"]
[WhiteElo "1996"]
[BlackElo "1728"]
[PlyCount "107"]
[EventDate "2010.03.25"]
[EventType "swiss"]
[EventRounds "7"]
[EventCountry "GRE"]
[SourceTitle "CBM 135 Extra"]
[Source "ChessBase"]
[SourceDate "2010.05.04"]
[SourceVersion "1"]
[SourceVersionDate "2010.05.04"]
[SourceQuality "1"]

1. e4 Nf6 2. e5 Nd5 3. d4 d6 4. f4 dxe5 5. fxe5 Bf5 6. Nf3 e6 7. c3 Be7 8. Bd3 Bxd3 9. Qxd3 0-0 10. 0-0 c5 11. Nbd2 Nc6 12. Ne4 h6 13. dxc5 b6 14. cxb6 Qxb6+ 15. Kh1 Rfd8 16. Qe2 Rab8 17. b3 Qc7 18. c4 Ndb4 19. Bf4 Nd3 20. Bg3 Ndxe5 21. Nxe5 Nxe5 22. Qh5 f6 23. Bxe5 Qxe5 24. Qxe5 fxe5 25. Rae1 Rd4 26. Re2 a5 27. g3 a4 28. Rf3 Rd1+ 29. Kg2 Rb1 30. Nc3 axb3 31. Nxb1 bxa2 32. Rxa2 Rxb1 33. Ra6 Rc1 34. Rxe6 Bf6 35. Rc6 Kf7 36. Rb3 Kg6 37. Rc8 Kf5 38. Rd3 Rc2+ 39. Kh3 h5 40. c5 Ke4 41. Rd6 Kf5 42. Rd1 Rf2 43. g4+ hxg4+ 44. Kg3 Rc2 45. Rf1+ Kg5 46. Rf2 Rc1 47. Kg2 Rd1 48. c6 e4 49. Rxf6 gxf6 50. c7 Kf4 51. Rd8 Rc1 52. c8Q Rxc8 53. Rxc8 Ke3 54. Rf8 1-0

[Event "Ptolemaida Atomiko op 11th"]
[Site "Ptolemaida"]
[Date "2010.03.25"]
[Round "1"]
[White "Koutroupas, Konstantinos"]
[Black "Liakos, Georgios"]
[Result "0-1"]
[WhiteElo "1996"]
[BlackElo "1642"]
[PlyCount "102"]
[EventDate "2010.03.25"]
[EventType "swiss"]
[EventRounds "7"]
[EventCountry "GRE"]
[SourceTitle "CBM 135 Extra"]
[Source "ChessBase"]
[SourceDate "2010.05.04"]
[SourceVersion "1"]
[SourceVersionDate "2010.05.04"]
[SourceQuality "1"]

1. e4 c5 2. Nf3 e6 3. d4 cxd4 4. Nxd4 Nf6 5. Nc3 d6 6. Be3 a6 7. g4 Be7 8. g5 Nfd7 9. h4 b5 10. Qd2 Bb7 11. f3 Nc6 12. 0-0-0 Rc8 13. Kb1 Nce5 14. Bd3 Nc4 15. Bxc4 Rxc4 16. h5 b4 17. Nce2 d5 18. Ng3 Qc7 19. f4 dxe4 20. g6 Bd5 21. gxf7+ Kxf7 22. f5 Nf6 23. fxe6+ Ke8 24. Ngf5 Rg8 25. Rdg1 Bc5 26. Nb3 Bxe3 27. Nxe3 Bxe6 28. Nxc4 Qxc4 29. Rd1 Bd5 30. Rhf1 a5 31. Rxf6 gxf6 32. Qxd5 Qxd5 33. Rxd5 Rg1+ 34. Nc1 e3 35. Rd3 Re1 36. c4 bxc3 37. bxc3 f5 38. Kc2 f4 39. Rd4 f3 40. Re4+ Kd7 41. Nd3 f2 42. Rf4 f1Q 43. Rxf1 Rxf1 44. Ne5+ Ke6 45. Nc6 Rf2+ 46. Kd3 e2 47. Nd4+ Kd6 48. Nxe2 Rh2 49. a4 Rxh5 50. Nd4 Rd5 51. Ke4 Rxd4+ 0-1

[Event "Ptolemaida Atomiko op 10th"]
[Site "Ptolemaida"]
[Date "2009.03.28"]
[Round "6"]
[White "Koutroupas, Konstantinos"]
[Black "Sidiropoulos, Nikolaos"]
[Result "1-0"]
[WhiteElo "1996"]
[BlackElo "1548"]
[PlyCount "137"]
[EventDate "2009.03.26"]
[EventType "swiss"]
[EventRounds "7"]
[EventCountry "GRE"]
[SourceTitle "EXT 2011"]
[Source "ChessBase"]
[SourceDate "2010.11.26"]
[SourceVersion "1"]
[SourceVersionDate "2010.11.26"]
[SourceQuality "1"]

1. e4 c5 2. Nf3 d6 3. d4 cxd4 4. Nxd4 Nf6 5. Nc3 e6 6. Bc4 Be7 7. Be3 0-0 8. g4 Nxe4 9. Nxe4 d5 10. Bd3 dxe4 11. Bxe4 f5 12. gxf5 exf5 13. Bd3 Qa5+ 14. c3 f4 15. Qb3+ Kh8 16. Bd2 Qe5+ 17. Kd1 Na6 18. Re1 Qh5+ 19. Be2 Qh4 20. Qd5 Bh3 21. Qxb7 Nc5 22. Qf3 Ne6 23. Nxe6 Bxe6 24. Kc2 Rad8 25. Bd3 Bd5 26. Be4 Be6 27. b3 Bg4 28. Qg2 f3 29. Qg3 Qxg3 30. hxg3 h5 31. Be3 Bf6 32. Bxa7 g5 33. Rad1 h4 34. gxh4 gxh4 35. Bd4 Bxd4 36. Rxd4 h3 37. Bd3 Rxd4 38. cxd4 Rf4 39. Kc3 Kg7 40. Rh1 Kf6 41. a4 Bc8 42. b4 Ke7 43. b5 Kd6 44. Bc4 Rh4 45. Kd3 Be6 46. Bxe6 Kxe6 47. Ke3 Kd6 48. Kxf3 Rxd4 49. Rxh3 Rxa4 50. Rh5 Ke7 51. Kg3 Rb4 52. f4 Kf6 53. Kg4 Rb1 54. Rc5 Rg1+ 55. Kf3 Rf1+ 56. Ke4 Re1+ 57. Kd5 Ke7 58. Kc6 Rd1 59. b6 Rd6+ 60. Kc7 Rd7+ 61. Kb8 Kd6 62. Rc2 Rf7 63. b7 Rxf4 64. Rh2 Rf1 65. Rh6+ Kc5 66. Rh7 Kb6 67. Rh6+ Kc5 68. Ka7 Rf7 69. Ka8 1-0

[Event "Ptolemaida Atomiko op 10th"]
[Site "Ptolemaida"]
[Date "2009.03.26"]
[Round "2"]
[White "Koutroupas, Konstantinos"]
[Black "Mitsis, Ioannis"]
[Result "0-1"]
[WhiteElo "1996"]
[BlackElo "2006"]
[PlyCount "94"]
[EventDate "2009.03.26"]
[EventType "swiss"]
[EventRounds "7"]
[EventCountry "GRE"]
[SourceTitle "EXT 2011"]
[Source "ChessBase"]
[SourceDate "2010.11.26"]
[SourceVersion "1"]
[SourceVersionDate "2010.11.26"]
[SourceQuality "1"]

1. e4 c6 2. d4 d5 3. e5 Bf5 4. Ne2 e6 5. Ng3 Bg6 6. Be2 Be7 7. Nh5 Bxh5 8. Bxh5 c5 9. c3 cxd4 10. cxd4 Nc6 11. Be3 Rc8 12. 0-0 g6 13. Be2 a6 14. Nd2 h5 15. Rc1 Nh6 16. Qb3 Rc7 17. Rc2 Nf5 18. Qb6 Rd7 19. Rxc6 bxc6 20. Qxc6 0-0 21. Rc1 Nxe3 22. fxe3 Ra7 23. a3 Qa8 24. Qc2 Bg5 25. Nf1 Kg7 26. Bd3 f5 27. g3 Kf7 28. h3 Bd8 29. Qa4 a5 30. Nd2 Bg5 31. Kf2 Rc8 32. Rf1 Qc6 33. Qxc6 Rxc6 34. Ke2 Rb7 35. b3 Rc3 36. Rb1 Be7 37. a4 Ba3 38. Ra1 Bc1 39. Rb1 Bxd2 40. Kxd2 Rbxb3 41. Rxb3 Rxb3 42. Bc2 Ra3 43. h4 g5 44. Ke2 f4 45. gxf4 gxf4 46. exf4 Rh3 47. f5 Rxh4 0-1

[Event "Kavala op 15th"]
[Site "Kavala"]
[Date "2006.07.05"]
[Round "2"]
[White "Iliopoulos, Alexios"]
[Black "Koutroupas, Konstantinos"]
[Result "1-0"]
[WhiteElo "2054"]
[BlackElo "1865"]
[PlyCount "65"]
[EventDate "2006.07.04"]
[EventType "swiss"]
[EventRounds "9"]
[EventCountry "GRE"]
[SourceTitle "CBM 113 Extra"]
[Source "ChessBase"]
[SourceDate "2006.09.14"]
[SourceVersion "1"]
[SourceVersionDate "2006.09.14"]
[SourceQuality "1"]

1. e4 c5 2. Nc3 e6 3. g3 Nc6 4. Bg2 Be7 5. d3 Nf6 6. f4 d5 7. e5 Nd7 8. Nf3 0-0 9. 0-0 a6 10. Kh1 b5 11. Ne2 Bb7 12. d4 Rc8 13. c3 Qb6 14. g4 cxd4 15. Nexd4 Bc5 16. Qd3 Bxd4 17. Nxd4 Qc7 18. Nxc6 Bxc6 19. Be3 Rfd8 20. Bd4 Ba8 21. Rad1 Qc4 22. Qh3 Qxa2 23. f5 Nf8 24. f6 Ng6 25. fxg7 Kxg7 26. Rxf7+ Kxf7 27. Qxh7+ Ke8 28. Qxg6+ Kd7 29. Qf7+ Kc6 30. Qxe6+ Kc7 31. Qb6+ Kd7 32. Qd6+ Ke8 33. Qe6+ 1-0